Регионална библиотека "Любен Каравелов" - Русе

[Фитнес] Fitness анатомия (Запис номер 81587)

MARC детайли
000 -Лидер
Контролно поле с фиксирана дължина 01612nam a2200397 c 4500
003 - Код на организацията, давaща контролен номер
Контролно поле BLK
005 - Дата и час на последна редакция
Контролно поле 20250711141331.0
008 - Елементи от данни с фиксирана дължина
fixed length control field 180408b bul|||||r ||||||| ||bul||
010 ## - Наследен системен номер
LC control number KNG00086091000
020 ## - Международен стандартен номер на книга ISBN
Международен стандартен номер на книга ISBN 978-954-9696-05-9
-- издат.: AMG
040 ## - Източник на каталожния запис
Идентификатор на билиотеката - собственик на записа BLK
041 ## - Код за език
Код за езика на текст/звукозапис или на отделно заглавие Български
Код за езика КДБФ Български
080 ## - УДК
Текстов определител УДК Физически упражнения
УДК код - определител по УДК 796.012.6
УДК определител (035)
УДК - код + определител 796.012.6(035)
100 1# - Редна дума - Автор
Автор Манокиа, Пат
Авторска отговорност първи автор
R(LIN) 92180
139 ## - Редно поле
Редна дума Манокиа, Пат
Авторски знак Мано - М 27
245 10 - Сведения за заглавието
Заглавие [Фитнес] Fitness анатомия
Подзаглавни данни Незаменим помощник в тренировките за начинаещи и напреднали
Редно поле (дума) Пат Манокиа; прев. Анна Ганчева.
257 ## - Страна на издаване
Страна на създаване/издаване Съединени американски щати
260 ## - Област на издателските данни
-- София
Име на издателя, разпространителя и проч. AMG
Година на издаване 2008
Печатница София : Алианс принт
300 ## - Физическа характеристика
Страници 192 с.
Илюстрации и др. с цв. ил.
Размери/Мащаб 26 см
380 ## - Жанр
Жанр 793/799 Спорт
500 ## - Общи забележки
Забележка Ориг. загл. Anatomy of Exercise : A Trainer's Inside Guide to Your Workout / Pat Manocchia. - Офс. изд.
590 ## - Забележки на библиотеката, притежаваща документа (RLIN)
Служебно ф
650 #4 - Допълнително описание по предмет – тема
Основно описание – тема или топоним Физически упражнения - наръчници и ръководства
9 (RLIN) 252490
653 ## - Ключова дума – ненормативна
Ключова дума фитнес
653 ## - Ключова дума – ненормативна
Ключова дума физически упражнения
653 ## - Ключова дума – ненормативна
Ключова дума анатомия
653 ## - Ключова дума – ненормативна
Ключова дума наръчници
653 ## - Ключова дума – ненормативна
Ключова дума ръководства
700 1# - Други автори (авторска отговорност)
Лично име Ганчева, Анна
Автороска отговорност (Описва отношението между автора и произведението) прев.
9 (RLIN) 300168
852 ## - Местоположение
Форматна сигнатура Цб ІІ 15381
856 4# - Електронен адрес и достъп
Електронен формат pdf - файл
Път до файла /url/
856 4# - Електронен адрес и достъп
Електронен формат pdf - файл
Път до файла /url/
942 ## - АРТИКУЛИ
Вид на библиотечния материал Книги
Скрит в OPAC Не
Koha issues (borrowed), all copies 20
944 ## - СЪЗДАВАНЕ И РЕДАКЦИЯ на ЗАПИСА
Създаване/Редакция Създаване
Дата на регистрацията/редакция 29.10.2008
Служител, извършил регистрацията/редакцията 30576
Статус, дата на статуса Цветомила Тодорова
944 ## - СЪЗДАВАНЕ И РЕДАКЦИЯ на ЗАПИСА
Създаване/Редакция Редакция
Дата на регистрацията/редакция 18.11.2008
Служител, извършил регистрацията/редакцията
999 ## - СИСТЕМНИ КОНТРОЛНИ НОМЕРА
Koha biblionumber 81587
Koha biblioitemnumber 81587
Наличности
Код за отписване Код за изгубен артикул Източник на класификационната схема Код за повреда Коз за рестрикции Код за отдаване Артикулен № Име на библиотеката - собственик Име на библиотеката, в която се намира в момента Статус (Текущо местоположение) Дата на вписване в системата Местоположение - отдел Цена в лева Инвентарен номер Систематично азбучна сигнатура Баркод Номер на екземпляра Цена в евро Служебна бележка Служебен тип на артикула
  Не е изгубен Universal Decimal Classification Не е повреден без рестрикции заемане за дома 132526 Регионална библиотека "Любен Каравелов" Русе Регионална библиотека "Любен Каравелов" Русе Заемна - подръчен фонд 2008-10-29 Заемна - подръчен фонд 26.00 120000730945 П 796/М 27 120000730945 1 13.29 Дост: Pk Вид: Ф N: 9065 Дата: 22.10.2008 Дата инв: 08.02.2018 Бележки инв: П2018 Книги
Vip Innovations Ltd, Rousse, Bulgaria 2025